000 00386nam a2200121 4500
999 _c14203
_d14203
008 190904b ||||| |||| 00| 0 eng d
082 _aDPer 050 T48 Apr-June 2016 v. 187 n. 12-24
100 _939361
_aS.Z.
245 _aDouble dose of k-stew fires up fest/
_cS.Z.
260 _aHong Kong:
_bTime Asia,
_cc2016.
300 _av187 n20, page 43:
_billustrations;
_c27 cm.
942 _2ddc
_cPER